ALL NORDIC FLAGS QUIZ - Statistics

General Stats
  • This quiz has been taken 16 times
  • The average score is 6 of 6
Answer Stats
Picture Answer % Correct
denmark
100%
iceland
100%
norway
100%
sweden
100%
greenland
94%
faroe islands
81%
No matching quizzes found
Score Distribution
Percent of People with Each Score
Percentile by Number Answered
Your Score History
You have not taken this quiz